My Girl - The Temptations | Guess the Lyrics - Statistics

General Stats
  • This quiz has been taken 60 times
  • The average score is 139 of 185
Answer Stats
Answer % Correct
girl,
100%
girl
100%
girl?
100%
My
100%
my
100%
I
96%
a
94%
can
91%
got
91%
make
91%
me
91%
the
91%
What
91%
feel
89%
I've
89%
on
89%
this
89%
way?
89%
cloudy
87%
day
87%
say
87%
sunshine,
87%
sunshine
87%
When
87%
you
85%
in
81%
it's
81%
of
81%
talk
79%
Talkin'
79%
talkin'
79%
'bout
77%
'bout,
77%
guess
77%
May
77%
May,
77%
cold
74%
outside,
74%
month
72%
so
72%
much
70%
you'd
66%
bees
64%
birds
60%
honey,
55%
Well,
53%
trees
51%
all
47%
than
47%
no
45%
song,
45%
sweeter
45%
about
43%
man
38%
envy
36%
don't
34%
one
34%
riches,
34%
baby
32%
need
30%
even
28%
is
26%
Ooh,
26%
ooh
26%
ooh,
26%
with
26%
money,
23%
or
23%
yeah
21%
claim
15%
she's
15%
fame
13%
fortune,
13%
Hey
13%
hey
13%
hey,
13%
That's
11%
Why
11%
believe
2%
No matching quizzes found
Score Distribution
Percent of People with Each Score
Percentile by Number Answered
Your Score History
You have not taken this quiz